Unificirovannyje metody issledovanija kačestva vod
Salvato in:
| Natura: | Libro |
|---|---|
| Lingua: | russo |
| Pubblicazione: |
Moskva :
SEV,
1983
|
| Edizione: | izd. 4-je |
| Tags: |
Nessun Tag, puoi essere il primo ad aggiungerne!!
|
MARC
| LEADER | 00000nam a22000003a 4500 | ||
|---|---|---|---|
| 001 | stu139120 | ||
| 005 | 20141122171410.0 | ||
| 008 | 070321s1983----xxr-----------------rus-d | ||
| 040 | |a STU |b slo | ||
| 041 | 0 | |a rus | |
| 044 | |a xxr | ||
| 080 | |a 628.336.55 | ||
| 245 | |a Unificirovannyje metody issledovanija kačestva vod | ||
| 250 | |a izd. 4-je | ||
| 260 | |a Moskva : |b SEV, |c 1983 | ||
| 300 | |a I. 126 s | ||
| 300 | |a II. 53 s | ||
| 300 | |a III. 371 s | ||
| 300 | |a V. 161 s | ||
| 996 | |c V*29828/O-11925 I |l VV17 |s P |a 0 |w stu139120_0001 | ||
| 996 | |c V*29829/O-11925 II |l VV17 |s P |a 0 |w stu139120_0002 | ||
| 996 | |c V*29830/O-11925 III |l VV17 |s P |a 0 |w stu139120_0003 | ||
| 996 | |c V*29831/O-11925 V |l VV17 |s P |a 0 |w stu139120_0004 | ||